|
|
|
|
| LEADER |
00000cam a2200000 a 4500 |
| 001 |
86365 |
| 005 |
20230308163421.0 |
| 008 |
991030|1983 ||||||||r|||||||||||spa|| |
| 020 |
|
|
|a 8434461013
|
| 040 |
|
|
|b spa
|
| 041 |
1 |
|
|a spa
|
| 082 |
0 |
|
|a 650.320
|
| 100 |
1 |
|
|a Marzal, Antonio
|9 40210
|
| 245 |
1 |
1 |
|a Análisis político de la empresa: razón dominante y modelos de empresa
|c Antonio Marzal
|h Imp
|
| 264 |
|
|
|a Barcelona
|b Editorial Ariel
|c 1983
|
| 300 |
|
|
|a 169 p
|c 23 cm
|
| 650 |
1 |
|
|a Empresas
|9 24539
|
| 650 |
1 |
|
|a Racionalizacion
|9 22953
|
| 650 |
1 |
|
|a Pluralismo cultural
|9 39682
|
| 852 |
|
|
|a UC-CDJBV
|c ESTANTERIA CERRADA
|f Compra
|k sara.alvarado
|l 1
|m General
|p 19910304
|q 2100.00
|r 2
|t 86365
|b 0
|d CDRC
|e CDRC
|g 650.320 ESTANTERIA CERRADA
|z 1991-10-30
|
| 942 |
|
|
|c BK
|
| 999 |
|
|
|c 21521
|d 21521
|